000 01319nam a22002177a 4500
005 20150520113627.0
010 _aBAC-HN24 HIN-103963
020 _a9789382419181
_c150.00
035 _aB-569077-102
035 _aHN-76309
037 _bलैंडमार्क
082 _a332.63222
100 _aडरवास, निकोलस
245 _aशेयर मार्केट से कैसे बनाए मैंने 10 करोड़ /
_cनिकोलस डरवास;राखी गोपाल अग्रवाल द्वारा अनुवादित
260 _aभोपाल
_bबेन्तेन बुक्स
_c2013
270 _bभोपाल
_aसी-19, प्रथम मंजिल, प्लाटिनम प्लाजा, माता मंदिर
_e462001
300 _a182पृ.
_c23 सें.मी.(अजिल्द)
_bसचित्र
700 _aअग्रवाल, राखी गोपाल
_949538
942 _2ddc
_cHN
_h332.63222
999 _c86358
_d86358